| 000 | 01092pab a2200193 454500 | ||
|---|---|---|---|
| 008 | 180718b2011 xxu||||| |||| 00| 0 eng d | ||
| 100 | _aKshirsagar, J.B. | ||
| 245 | _aChallenges for improved and sustainable delivery of urban infrastructure services | ||
| 260 | _c2011 | ||
| 300 | _ap.1-13. | ||
| 362 | _aJan-Mar | ||
| 520 | _aUrban infrastructure development is indispensable for overall development. In this dynamic and competitive global economy, development and investment will have to move, where there is infrastructure to support opportunity. In addition to create a facilitating environment for economic development, urban infrastructure development has many direct and indirect multiplier effects on the local economy and other sectors as well. With the implementation of JNNURM as well as the reforms, it is expected that cities will emerge as the engine of growths and move forward as self-sustaining entities. - Reproduced. | ||
| 650 | _aBasic urban services | ||
| 650 | _aUrbanisation | ||
| 700 | _aSrinivas, R. | ||
| 773 | _aNagarlok | ||
| 908 | _aN | ||
| 909 | _a92293 | ||
| 999 |
_c92293 _d92293 |
||